Statistics for Countries that Beat Cuba

Click here to take the quiz!

General Stats

  • This quiz has been taken 329 times
  • The average score is 9 of 15

Answer Stats

RankCategoryCountries% Correct
3Closest non-bordering country to the U.S.Russia | Bahamas
96%
7Smallest starting with CComoros | Cape Verde | Cyprus | Costa Rica |
Croatia | Czech Republic
88%
3Most military personnel per-capita [2]North Korea | South Korea
81%
2Least democratic in the Americas [1]Venezuela
78%
2Most Olympic medals in boxingUnited States
74%
3Had the most populous city in the Americas
by the mid-18th century
Peru | Mexico
72%
4Highest % of White Latin American populationUruguay | Argentina | Costa Rica
67%
5Highest taxes as a % of GDP [3]France | Denmark | Belgium | Sweden
61%
2Largest country the U.S. ceded as a result
of the Spanish-American War
Philippines
61%
6Most parliament (lower house) seatsChina | Germany | North Korea | United Kingdom | Italy
59%
2Least populous Communist countryLaos
44%
2Most populous capital starting with HVietnam
43%
4Has the most "horizontal" shapeGambia | Turkey | Jamaica
39%
2Oldest living state leaderUnited Kingdom
38%
6Highest youth literacy rate [4]North Korea | Ukraine | Uzbekistan | Lithuania |
Estonia | Kazakhstan
22%

Score Distribution

Percentile by Number Answered

Percent of People with Each Score

Your Score History

You have not taken this quiz